[Event "Open Tournament for SM Members"]
[Site "SchemingMind.com"]
[Date "2006.11.06"]
[Round "-"]
[White "Silvy"]
[Black "jtrochez1"]
[Result "1-0"]
[WhiteCountry "ITA"]
[BlackCountry "HON"]
[WhiteElo "1974"]
[WhiteRD "118"]
[BlackElo "1592"]
[BlackRD "50"]
[GameID "75312"]

1. d4 d5 2. Nf3 Nc6 3. c4 e6 4. Nc3 Bb4 5. Bg5 f6 6. Bf4 Bxc3+ 7. bxc3 Nge7 8. e3 O-O 9. Qc2 Ng6 10. Bg3 Nce7
11. Bd3 c6 12. O-O f5 13. Rab1 b6 14. Qa4 Bd7 15. c5 b5 16. Qc2 Nc8 17. a4 a6 18. Rb2 Be8 19. Ra1 Bd7 20. axb5 cxb5
21. Bxb5 Bxb5 22. Rxb5 Nce7 23. Rb6 a5 24. Rxe6 Qc8 25. Rb6 Nc6 26. Be5 Ncxe5 27. dxe5 Qxc5 28. Rb3 f4 29. e4 dxe4 30. Qxe4 Rae8
31. Qd4 Qc7 32. Qd5+ Kh8 33. Qxa5 Qc4 34. Qb5 Qe4 35. Re1 Qc2 36. e6 h6 37. Nd4 Qd2 38. Qe2 Qxe2 39. Rxe2 Ne7 40. Rb7 Rf6
41. h3 Kg8 42. Reb2 Nf5 43. Rb8 Kf8 44. Rxe8+ Kxe8 45. Rb6 Ke7 46. Kf1 Nxd4 47. cxd4 Rxe6 48. Rxe6+ Kxe6 49. Ke2 Kd5 50. Kf3 g5
51. h4 Kxd4 52. hxg5 hxg5 53. Kg4 Ke4 54. f3+ Ke3 55. Kxg5 Kf2 56. Kxf4 Kxg2 57. Kg4 Kf2 58. f4
1-0

[Event "Open Tournament for SM Members"]
[Site "SchemingMind.com"]
[Date "2006.11.06"]
[Round "-"]
[White "cool_dude"]
[Black "jtrochez1"]
[Result "0-1"]
[WhiteCountry "GBR"]
[BlackCountry "HON"]
[WhiteElo "1354"]
[WhiteRD "140"]
[BlackElo "1605"]
[BlackRD "56"]
[GameID "75313"]

1. e4 e5 2. Nf3 d6 3. d3 Bg4 4. Be3 h6 5. g3 Nf6 6. Bg2 Be7 7. O-O O-O 8. Nbd2 Qd7 9. Re1 Bh3 10. Bh1 Ng4
11. Bg2 Bxg2 12. Kxg2 Nxe3+ 13. Rxe3 Nc6 14. Re1 f5 15. exf5 Qxf5 16. Kf1 Qh3+ 17. Ke2 Nd4+ 18. Nxd4 exd4 19. Ne4 d5 20. Nd2 Bg5
21. f4 Qxh2+ 22. Kf1 Bxf4 23. Re2 Bxg3+ 24. Nf3 Rxf3+ 25. Rf2 Qxf2#
0-1

[Event "Open Tournament for SM Members"]
[Site "SchemingMind.com"]
[Date "2006.11.06"]
[Round "-"]
[White "e4knightf3"]
[Black "loco61"]
[Result "0-1"]
[WhiteCountry "AUS"]
[BlackCountry "ENG"]
[WhiteElo "1537"]
[WhiteRD "140"]
[BlackElo "1574"]
[BlackRD "66"]
[GameID "75334"]

1. e4 e5 2. f4 d6 3. Bc4 Nf6 4. Ne2 Bg4 5. Nbc3 exf4 6. h3 Bh5 7. O-O g5 8. d4 Nbd7 9. g4 Nxg4 10. hxg4 Bxg4
11. Nxf4 Bxd1 12. Ng6 f6 13. Nxh8 Bh5 14. Rf2 c6 15. Be3 Qe7 16. d5 c5 17. Raf1 Bg7 18. Bb5 O-O-O 19. Rh2 Bg4 20. Rxh7 Rxh8
21. Rxh8+ Bxh8 22. Bd2 a6 23. Bxd7+ Kxd7
0-1

[Event "Open Tournament for SM Members"]
[Site "SchemingMind.com"]
[Date "2006.11.06"]
[Round "-"]
[White "e4knightf3"]
[Black "lame wolf"]
[Result "1-0"]
[WhiteCountry "AUS"]
[BlackCountry "INT"]
[WhiteElo "1537"]
[WhiteRD "140"]
[BlackElo "967"]
[BlackRD "82"]
[GameID "75335"]

1. e4 d5 2. exd5 Qxd5 3. Nc3 Qd8 4. Nf3 Nc6 5. d4 Bg4 6. Bb5 e5 7. d5 Bxf3 8. Bxc6+ bxc6 9. Qxf3 Bd6 10. dxc6 Ne7
11. Be3 O-O 12. Nd5
1-0

[Event "Open Tournament for SM Members"]
[Site "SchemingMind.com"]
[Date "2006.11.06"]
[Round "-"]
[White "e4knightf3"]
[Black "jtrochez1"]
[Result "0-1"]
[WhiteCountry "AUS"]
[BlackCountry "HON"]
[WhiteElo "1678"]
[WhiteRD "103"]
[BlackElo "1529"]
[BlackRD "47"]
[GameID "75336"]

1. e4 e5 2. f4 d6 3. Nf3 a6 4. d3 Bg4 5. h3 Bh5 6. g4 Nf6 7. gxh5 Nxh5 8. Nxe5 Qh4+ 9. Ke2 Ng3+ 10. Kf2 Nxh1+
11. Kg2 dxe5 12. Kxh1 Bd6 13. Na3 exf4 14. Qg4 Qf2 15. Qg1 Qxg1+ 16. Kxg1 Bc5+ 17. Kg2 g5 18. b3 Bd4 19. Rb1 h5 20. Bd2 Nc6
21. c3 Ba7 22. d4 f6 23. Kf3 O-O-O 24. h4 g4+ 25. Kxf4 Ne7 26. Bc4 Ng6+ 27. Kg3 c5 28. Nc2 cxd4 29. Rd1 Bb8+ 30. Kg2 Nxh4+
31. Kf1 Nf3 32. Be6+ Kc7 33. Bf4+ Kb6 34. Bxb8 Rxb8 35. cxd4 Rhd8 36. Ne3 Ka7 37. d5 Ne5 38. d6 Nd7 39. b4 b5 40. Bf7 Rh8
41. Rc1 Nb6 42. Kg2 Rbc8 43. Rxc8 Nxc8 44. d7 Nd6 45. Bxh5 Nxe4 46. Bxg4 Rd8 47. Kf3 Nd2+ 48. Ke2 Nc4 49. Nd5 Ne5 50. Ne7 Rh8
51. Be6 Nxd7 52. Bxd7 Rh7 53. Nc6+ Kb6 54. Bf5 Rh2+ 55. Kd3 Kxc6 56. Kc3 Rxa2
0-1

[Event "Open Tournament for SM Members"]
[Site "SchemingMind.com"]
[Date "2006.11.06"]
[Round "-"]
[White "e4knightf3"]
[Black "alejandroales"]
[Result "0-1"]
[WhiteCountry "AUS"]
[BlackCountry "ARG"]
[WhiteElo "1537"]
[WhiteRD "140"]
[BlackElo "1671"]
[BlackRD "65"]
[GameID "75337"]

1. e4 e5 2. f4 d5 3. Qe2 Nc6 4. Nf3 dxe4 5. Qxe4 Nf6 6. Qa4 Bd7 7. Bb5 Bd6 8. O-O a6 9. Bxc6 Bxc6 10. Qb3 Ng4
11. d4 exd4 12. Re1+ Kf8 13. Nxd4 Bc5 14. Rd1 Bxd4+ 15. Kh1 Nf2+
0-1

[Event "Open Tournament for SM Members"]
[Site "SchemingMind.com"]
[Date "2006.11.06"]
[Round "-"]
[White "e4knightf3"]
[Black "jjb091"]
[Result "1-0"]
[WhiteCountry "AUS"]
[BlackCountry "USA"]
[WhiteElo "1678"]
[WhiteRD "103"]
[BlackElo "1662"]
[BlackRD "75"]
[GameID "75338"]

1. e4 c5 2. Nf3 d6 3. d4 cxd4 4. Qxd4 Nc6 5. Qc3 Nf6 6. Bg5 Nxe4 7. Qb3 Nxg5 8. Nxg5 e6 9. f4 Be7 10. h4 Bd7
11. Nd2 h6 12. Ngf3 Qc7 13. c3 O-O 14. Nd4 Nxd4 15. cxd4 Rac8 16. Nf3 Bf6 17. Be2 Qa5+ 18. Kf2 Bc6 19. Rac1 Bd5 20. Bc4 Bxf3
21. Kxf3 Bxd4 22. Rcd1 Bc5 23. Qd3 Qb6 24. Bb3 Qc6+ 25. Kg3 Bb6 26. Qxd6 Qe4 27. Qd3 Qxd3+ 28. Rxd3 Rfd8 29. Rhd1 Rxd3+ 30. Rxd3 Rd8
31. Rf3 Rd2 32. f5 Bc7+ 33. Kh3 e5 34. Rc3 Bb6 35. g3 Bg1 36. Rc8+ Kh7 37. Bxf7 Rxb2 38. Bg6#
1-0

[Event "Open Tournament for SM Members"]
[Site "SchemingMind.com"]
[Date "2006.11.06"]
[Round "-"]
[White "e4knightf3"]
[Black "Mark_Griffin"]
[Result "0-1"]
[WhiteCountry "AUS"]
[BlackCountry "IRL"]
[WhiteElo "1711"]
[WhiteRD "98"]
[BlackElo "1727"]
[BlackRD "101"]
[GameID "75339"]

1. e4 e5 2. f4 Bc5 3. Nf3 exf4 4. d4 Bb6 5. Nc3 d6 6. Bxf4 Bg4 7. Na4 Nd7 8. Bc4 Qf6 9. Nxb6 Nxb6 10. Bg5 Bxf3
11. Bxf7+ Kxf7 12. Qxf3 Qxf3 13. gxf3 Nf6 14. O-O-O Nfd7 15. f4 h6 16. Bh4 Rhe8 17. e5 dxe5 18. dxe5 Nc5 19. Rhe1 a5 20. f5 g5
21. Bf2 Na6 22. Bxb6 cxb6 23. Rd7+ Re7 24. Rd6 Nb4 25. Rf6+ Kg7 26. Rxb6 Kh7 27. f6 Rf7 28. e6 Rxf6 29. Rxb7+ Kg6 30. a3 Nd5
31. Rd1 Rf5 32. Re1 Re8 33. c4 Nf4 34. Kb1 Rxe6 35. Rd1 Rc5 36. Rb5 Ree5 37. Rd6+ Kh5 38. b4 Rxb5 39. cxb5 Rxb5 40. Kc2 axb4
41. axb4 Rxb4 42. Kc3 Re4 43. Rd2 Re3+ 44. Kd4 Ra3 45. Ke5 Ng6+ 46. Ke4 Nh4 47. Rd3 Rxd3 48. Kxd3 Nf3 49. Ke3 Nxh2 50. Kf2 g4
51. Kg3 Nf3 52. Kf2 Kh4 53. Kg2 h5 54. Kf2 Kh3
0-1

[Event "Open Tournament for SM Members"]
[Site "SchemingMind.com"]
[Date "2006.11.06"]
[Round "-"]
[White "e4knightf3"]
[Black "am4chess"]
[Result "1-0"]
[WhiteCountry "AUS"]
[BlackCountry "PHI"]
[WhiteElo "1704"]
[WhiteRD "97"]
[BlackElo "1556"]
[BlackRD "87"]
[GameID "75340"]

1. e4 c5 2. Nf3 d6 3. d4 cxd4 4. c3 dxc3 5. Nxc3 g6 6. Bc4 e6 7. O-O Bg7 8. Be3 Nf6 9. Rc1 O-O 10. Qd2 Nc6
11. Rfd1 a6 12. Ne2 Nxe4 13. Qe1 d5 14. b4 Qe7 15. Ng3 Qxb4 16. Nxe4 dxe4 17. Bd2 Qe7 18. Ng5 Ne5 19. Nxe4 b5 20. Be2 Bb7
21. Nc5 Bd5 22. Rc2 Nc4 23. Bb4 Qg5 24. Bf1 Be5 25. Ne4 Bxe4 26. Qxe4 Rfd8 27. h4 Qf4 28. Rxd8+ Rxd8 29. Qxf4 Bxf4 30. Bxc4 bxc4
31. g3 Rd1+ 32. Kg2 Rc1 33. Re2 Bc7 34. Ba3 c3 35. Bxc1 e5 36. Re3 Ba5 37. Rxe5 Bd8 38. Bh6 f5 39. Re8+
1-0

[Event "Open Tournament for SM Members"]
[Site "SchemingMind.com"]
[Date "2006.11.06"]
[Round "-"]
[White "e4knightf3"]
[Black "Silvy"]
[Result "0-1"]
[WhiteCountry "AUS"]
[BlackCountry "ITA"]
[WhiteElo "1678"]
[WhiteRD "103"]
[BlackElo "2023"]
[BlackRD "110"]
[GameID "75341"]

1. e4 c6 2. d4 d5 3. exd5 cxd5 4. Nf3 Nc6 5. Bf4 Bg4 6. Bb5 Qb6 7. Nc3 e6 8. Qe2 Bb4 9. O-O Ne7 10. h3 Bxf3
11. gxf3 Qxd4 12. Be5 Qh4 13. Kh2 O-O-O 14. Bg3 Qf6 15. Bxc6 Nxc6 16. Nb5 h5 17. c3 Be7 18. Rae1 h4 19. Be5 Nxe5 20. Qxe5 Qxe5+
21. Rxe5 a6 22. Nd4 Bd6 23. f4 Bxe5 24. fxe5 Kd7 25. b4 Rc8 26. Rc1 Rc4 27. Kg2 Rhc8 28. Ne2 Re4 29. Kf3 Rxe5 30. Rc2 Rc4
31. Nd4 Re4 32. Nb3 Rf4+ 33. Ke2 d4 34. Nc5+ Kc6 35. Kd3 Rxc3+
0-1

[Event "Open Tournament for SM Members"]
[Site "SchemingMind.com"]
[Date "2006.11.06"]
[Round "-"]
[White "e4knightf3"]
[Black "cool_dude"]
[Result "1-0"]
[WhiteCountry "AUS"]
[BlackCountry "GBR"]
[WhiteElo "1537"]
[WhiteRD "140"]
[BlackElo "1354"]
[BlackRD "140"]
[GameID "75342"]

1. e4 e5 2. f4 exf4 3. Bc4 Qh4+ 4. Kf1 Bc5 5. d4 Bb4 6. Nf3 Qg4 7. Bxf7+ Kxf7 8. Ne5+ Kf8 9. Nxg4 d6 10. a4 Bxg4
11. Qxg4 Nf6 12. Qc8+ Ne8 13. Qxb7
1-0

[Event "Open Tournament for SM Members"]
[Site "SchemingMind.com"]
[Date "2006.11.06"]
[Round "-"]
[White "loco61"]
[Black "e4knightf3"]
[Result "0-1"]
[WhiteCountry "ENG"]
[BlackCountry "AUS"]
[WhiteElo "1574"]
[WhiteRD "66"]
[BlackElo "1537"]
[BlackRD "140"]
[GameID "75343"]

1. e4 c5 2. Nf3 Nc6 3. Bb5 Nd4 4. Nxd4 cxd4 5. c3 dxc3 6. Nxc3 a6 7. Ba4 b5 8. Nxb5 axb5 9. Bxb5 Ba6 10. Qe2 Qb6
11. Bxa6 Qxa6 12. Qxa6 Rxa6 13. a3 g6 14. b4 Bg7 15. Ra2 Bd4 16. O-O f5 17. d3 Nf6 18. Re1 Re6 19. Rae2 O-O 20. exf5 Rxe2
21. Rxe2 gxf5 22. Rxe7 Rc8 23. Re1 Ng4 24. Be3 Re8 25. b5 f4 26. h3 fxe3 27. hxg4 exf2+
0-1

[Event "Open Tournament for SM Members"]
[Site "SchemingMind.com"]
[Date "2006.11.07"]
[Round "-"]
[White "jtrochez1"]
[Black "e4knightf3"]
[Result "0-1"]
[WhiteCountry "HON"]
[BlackCountry "AUS"]
[WhiteElo "1511"]
[WhiteRD "47"]
[BlackElo "1713"]
[BlackRD "101"]
[GameID "75345"]

1. e4 c5 2. Nf3 d6 3. h3 Nf6 4. Nc3 g6 5. Bc4 Bg7 6. d3 Nc6 7. Nd5 Qa5+ 8. Bd2 Qd8 9. Nxf6+ Bxf6 10. c3 O-O
11. Bh6 Re8 12. Qd2 Rb8 13. O-O a6 14. d4 b5 15. Be2 c4 16. Qc2 d5 17. e5 Bg7 18. Bxg7 Kxg7 19. a3 Bf5 20. Qd2 e6
21. Qf4 f6 22. exf6+ Qxf6 23. Rfe1 Rbd8 24. Kh2 Rf8 25. Qc7+ Ne7 26. Ne5 Qh4 27. Rf1 Kg8 28. Ng4 Bxg4 29. Bxg4 Nf5 30. Bxf5 exf5
31. Rae1 Rf7 32. Qc6 Qf4+ 33. Kh1 Qd2 34. Re8+ Rxe8 35. Qxe8+ Kg7 36. Qe5+ Kg8 37. Qxd5 Qxb2 38. Re1 Qxa3 39. Re8+ Kg7 40. Qe5+ Kh6
41. Qf4+ Kg7 42. Qe5+ Kh6 43. d5 Qc1+ 44. Kh2 Qd2 45. f3 Rd7 46. Rh8 Qxd5 47. Qg3 g5 48. f4 Kg7 49. Re8 h6 50. fxg5 h5
51. Re5 Qd3 52. Qh4 Qd6 53. Qf4 Kg6 54. Qxf5+ Kg7 55. Kh1 Rf7 56. Qe4 Qd3 57. Qh4 Qxc3 58. Re8 Qc1+ 59. Kh2 Qf4+ 60. Qxf4 Rxf4
61. Kg3 Rd4 62. Kf3 c3 63. Ke3 Rh4 64. Kd3 Rc4 65. Kc2 b4 66. Ra8 Rc5 67. Rxa6 b3+ 68. Kxb3 c2
0-1

[Event "Open Tournament for SM Members"]
[Site "SchemingMind.com"]
[Date "2006.11.06"]
[Round "-"]
[White "alejandroales"]
[Black "e4knightf3"]
[Result "1-0"]
[WhiteCountry "ARG"]
[BlackCountry "AUS"]
[WhiteElo "1671"]
[WhiteRD "65"]
[BlackElo "1537"]
[BlackRD "140"]
[GameID "75346"]

1. d4 Nf6 2. c4 e6 3. Nf3 d5 4. Nc3 Bb4 5. Qc2 c5 6. Bg5 h6 7. Bd2 O-O 8. e3 Ne4 9. Nxe4 Bxd2+ 10. Nexd2 Nd7
11. cxd5 exd5 12. dxc5
1-0

[Event "Open Tournament for SM Members"]
[Site "SchemingMind.com"]
[Date "2006.11.06"]
[Round "-"]
[White "jjb091"]
[Black "e4knightf3"]
[Result "0-1"]
[WhiteCountry "USA"]
[BlackCountry "AUS"]
[WhiteElo "1662"]
[WhiteRD "75"]
[BlackElo "1678"]
[BlackRD "103"]
[GameID "75347"]

1. e4 c5 2. Nf3 Nc6 3. d4 cxd4 4. Nxd4 Nf6 5. Nc3 d6 6. Bg5 e5 7. Bxf6 Qxf6 8. Nd5 Qd8 9. Ne2 f5 10. Nec3 Nd4
11. Bd3 Be6 12. exf5 Bxd5 13. Nxd5 Qa5+ 14. Nc3 Be7 15. O-O O-O-O 16. Qg4 Bf6 17. Ne4 Rdg8 18. Nxd6+ Kb8 19. Nf7 h5 20. Qg6 e4
21. Bxe4 Ne2+ 22. Kh1 Qb4 23. Nxh8 Qxe4 24. Rae1 Rxh8 25. Qf7 Qxc2 26. Qe6 Nd4 27. Rc1 Qxf5 28. Qd6+ Ka8 29. Qc7 Be5 30. Qa5 Nc6
31. Qc5 h4 32. f4 Rf8 33. Qb5 Bb8 34. Qa4 h3 35. Rc2 b5 36. Qb3 Nd4 37. Qc3 Qd5 38. Rd1 Rxf4 39. Qxh3 Nxc2 40. Rc1 Rf5
41. Qc3 Qc4
0-1

[Event "Open Tournament for SM Members"]
[Site "SchemingMind.com"]
[Date "2006.11.11"]
[Round "-"]
[White "Mark_Griffin"]
[Black "e4knightf3"]
[Result "1-0"]
[WhiteCountry "IRL"]
[BlackCountry "AUS"]
[WhiteElo "1761"]
[WhiteRD "101"]
[BlackElo "1704"]
[BlackRD "97"]
[GameID "75348"]

1. e4 c5 2. Nc3 Nc6 3. Nf3 Nd4 4. Bc4 Ne6 5. d3 d6 6. O-O g6 7. h3 Bg7 8. Be3 Nf6 9. a3 Bd7 10. Nd5 Nc7
11. Nxc7+ Qxc7 12. c3 O-O 13. Bg5 b5 14. Bxf6 Bxf6 15. Bd5 Rab8 16. d4 c4 17. e5 dxe5 18. dxe5 Bxe5 19. Re1 Bf6 20. Qd2 Bf5
21. Nd4 Bd3 22. Nc6 Rb6 23. Nb4 Rd6 24. Bf3 Be4 25. Qe3 Bxf3 26. Qxf3 Rfd8 27. a4 a5 28. Nc2 Rd2 29. Ne3 Rxb2 30. Ng4 Bxc3
31. Qxc3 Rb3 32. Qe5 Qxe5 33. Nxe5 Rc8 34. Rec1 c3 35. axb5 Rxb5 36. Ng4 c2 37. Ne3 Rb2 38. Kf1 a4 39. Ke1 a3 40. Kd2 Rd8+
41. Kc3 f5 42. Nxc2 Rc8+ 43. Kd2 a2 44. Kd1 e5 45. f3 e4 46. Ne3 Rd8+ 47. Ke1 Rdd2 48. Nc4 Re2+ 49. Kd1 e3 50. Nxb2 Rxb2
51. Rc2 Rb1+ 52. Rc1 Rb2 53. g3 Kf7 54. Rc7+ Ke6 55. f4 Rh2 56. Rac1 Kd5 57. R7c2
1-0

[Event "Open Tournament for SM Members"]
[Site "SchemingMind.com"]
[Date "2006.11.06"]
[Round "-"]
[White "am4chess"]
[Black "e4knightf3"]
[Result "0-1"]
[WhiteCountry "PHI"]
[BlackCountry "AUS"]
[WhiteElo "1570"]
[WhiteRD "83"]
[BlackElo "1713"]
[BlackRD "101"]
[GameID "75349"]

1. Nf3 c5 2. c4 Nf6 3. Nc3 d6 4. e3 Nc6 5. g3 Bf5 6. Bg2 Nb4 7. O-O Bc2 8. Qe1 Bd3 9. Qd1 Bxf1 10. Bxf1 e6
11. d4 cxd4 12. exd4 d5 13. Qa4+ Qd7 14. Qd1 dxc4 15. Bxc4 Bd6 16. Bb5 Nc6 17. d5 a6 18. dxc6 bxc6 19. Ba4 O-O 20. Be3 Rfc8
21. Rc1 Qb7 22. Qxd6 Kh8 23. Ne5 Rc7 24. Bxc6 Rxc6 25. Nxc6 Qxb2 26. Nd8 h6 27. Nxf7+ Kg8
0-1

[Event "Open Tournament for SM Members"]
[Site "SchemingMind.com"]
[Date "2006.11.06"]
[Round "-"]
[White "Silvy"]
[Black "e4knightf3"]
[Result "1-0"]
[WhiteCountry "ITA"]
[BlackCountry "AUS"]
[WhiteElo "1963"]
[WhiteRD "117"]
[BlackElo "1537"]
[BlackRD "140"]
[GameID "75350"]

1. d4 Nf6 2. Nf3 e6 3. Bf4 c5 4. e3 Qb6 5. Nc3 Qxb2 6. Nb5 Qb4+ 7. c3 Qb2 8. Rc1 Nd5 9. Rc2 Qxc2 10. Qxc2 Nxf4
11. Nc7+ Kd8 12. Nxa8 Nd5 13. e4 Nc7 14. Ne5 Nxa8 15. Nxf7+
1-0

[Event "Open Tournament for SM Members"]
[Site "SchemingMind.com"]
[Date "2006.11.06"]
[Round "-"]
[White "cool_dude"]
[Black "e4knightf3"]
[Result "0-1"]
[WhiteCountry "GBR"]
[BlackCountry "AUS"]
[WhiteElo "1337"]
[WhiteRD "126"]
[BlackElo "1711"]
[BlackRD "98"]
[GameID "75351"]

1. e4 c5 2. Nf3 d6 3. d3 Nf6 4. Bg5 Nbd7 5. g3 e6 6. Bxf6 gxf6 7. Bg2 Ne5 8. Nxe5 fxe5 9. O-O h5 10. Nd2 h4
11. gxh4 Qxh4 12. Nf3 Qh5 13. Qe2 d5 14. exd5 exd5 15. Qxe5+ Qxe5 16. Nxe5 Bd6 17. Nf3 Bh3 18. Bxh3 Rxh3 19. Rfe1+ Kd8 20. Ng5 Bxh2+
21. Kf1 Rh6 22. Nxf7+ Kd7 23. Nxh6 Rf8 24. Ng4 Bg3 25. Re3 Bd6 26. Rae1 a5 27. Re6 Rf7 28. Ne5+ Kxe6 29. Nxf7+ Kxf7 30. c4 d4
31. b3 Bf4 32. Re4 Bc7 33. a4 Kf6 34. Re8 b6 35. Rc8 Bf4 36. Rc6+ Kf5 37. Rxb6 Bd2 38. Rb5 Bb4 39. f3 Ke5 40. Ke2 Kf4
41. Kf2 Kf5 42. Kg3 Be1+ 43. Kg2 Bb4 44. Kg3 Be1+ 45. Kg2 Bb4
0-1